000 00527nam a2200217Ia 4500
003 0100
008 130307s9999 xx 000 0 und d
020 _a0817301666
040 _cARRUPELIB
050 _aB4378.C5P64 1983
100 _aPojman, Louis P
245 4 _aThe logic of subjectivity
245 _bKierkegaard's philosophy of religion
260 _aNew York
260 _bThe University of Alabama Press
260 _c1983
300 _axvi
300 _b174p. 25 cm.
650 _aPHILOSOPHY
942 0 0 _01
999 _c93262
_d93262